Chiến lược đầu tư chứng khoán : Những phong cách đầu tư phổ biến nhất hiện nay và cận cảnh về mọi ngóc ngách trên con đường tối đa hóa lợi nhuận

Những điều cần biết về Chiến Lược Đầu Tư Chứng Khoán sẽ giúp bạn trở thành một nhà đầu tư tự tin hơn và thành công hơn trên thị trường chứng khoán. Nội dung cuốn sách Kinh doanh là những điều tra và phân tích đơn giản dễ hiểu về ca...

全面介绍

Đã lưu trong:
书目详细资料
主要作者: Brown,David
其他作者: Kassandra Bentley, Thanh Hương (Dịch), Mỹ Hạnh (Dịch)
格式: 图书
语言:Vietnamese
出版: H. Lao động 2022
版:Tái bản lần thứ 7
主题:
标签: 添加标签
没有标签, 成为第一个标记此记录!
Thư viện lưu trữ: Thư viện Trường Đại học Nam Cần Thơ
LEADER 02645nam a22002897a 4500
001 NCT_4_009513
008 240617b xxu||||| |||| 00| 0 vie d
999 |c 8418  |d 8418 
020 |a 9786043605426  |c 169000 
082 0 4 |2 23rd ed.  |a 332.632  |b B879 
100 1 |a Brown,David 
245 1 0 |a Chiến lược đầu tư chứng khoán :  |b Những phong cách đầu tư phổ biến nhất hiện nay và cận cảnh về mọi ngóc ngách trên con đường tối đa hóa lợi nhuận  |c David Brown, Kassandra Bentley; Thanh Hương, Mỹ Hạnh (dịch) 
250 |a Tái bản lần thứ 7 
260 |a H.  |b Lao động  |c 2022 
300 |a 367 tr.  |c 21cm 
520 3 |a Những điều cần biết về Chiến Lược Đầu Tư Chứng Khoán sẽ giúp bạn trở thành một nhà đầu tư tự tin hơn và thành công hơn trên thị trường chứng khoán. Nội dung cuốn sách Kinh doanh là những điều tra và phân tích đơn giản dễ hiểu về các phong cách đầu tư phổ biến nhất hiện nay, nó giải thích những đặc trưng của các loại cổ phiếu đại diện cho từng xu hướng, các chiến lược để tìm kiếm cơ hội và đầu tư vào những loại cổ phiếu tốt nhất, các lời khuyên giúp bạn chọn được cho mình hướng đầu tư tốt nhất trong các thị trường khác nhau và nhiều hơn thế. 
653 |a  Tài chính - Ngân hàng 
700 1 |a Kassandra Bentley 
700 0 |a Thanh Hương  |e Dịch 
700 0 |a Mỹ Hạnh  |e Dịch 
942 |2 ddc  |c BK 
952 |0 0  |1 0  |2 ddc  |4 0  |6 332_632000000000000_B879  |7 0  |9 29060  |a 000001  |b 000001  |d 2024-06-17  |o 332.632 B879  |p MD.22545  |r 2024-06-17  |v 169000.00  |w 2024-06-17  |y BK 
952 |0 0  |1 0  |2 ddc  |4 0  |6 332_632000000000000_B879  |7 0  |9 29061  |a 000001  |b 000001  |d 2024-06-17  |o 332.632 B879  |p MD.22546  |r 2024-06-17  |v 169000.00  |w 2024-06-17  |y BK 
952 |0 0  |1 0  |2 ddc  |4 0  |6 332_632000000000000_B879  |7 0  |9 29062  |a 000001  |b 000001  |d 2024-06-17  |l 3  |m 2  |o 332.632 B879  |p MD.22547  |r 2025-02-07  |s 2025-01-16  |v 169000.00  |w 2024-06-17  |y BK 
952 |0 0  |1 0  |2 ddc  |4 0  |6 332_632000000000000_B879  |7 0  |9 29063  |a 000001  |b 000001  |d 2024-06-17  |o 332.632 B879  |p MD.22548  |r 2024-06-17  |v 169000.00  |w 2024-06-17  |y BK 
952 |0 0  |1 0  |2 ddc  |4 0  |6 332_632000000000000_B879  |7 0  |9 29064  |a 000001  |b 000001  |d 2024-06-17  |o 332.632 B879  |p MD.22549  |r 2024-06-17  |v 169000.00  |w 2024-06-17  |y BK 
980 |a Thư viện Trường Đại học Nam Cần Thơ